| 000 | 01095nam a22003257a 4500 | ||
|---|---|---|---|
| 003 | CHAP | ||
| 005 | 20220329141705.0 | ||
| 008 | 971013s1978 r 00010 d | ||
| 010 | _a72257 | ||
| 011 | _a73229 | ||
| 035 | _a82786 | ||
| 040 | _cCHAP | ||
| 090 | _aTesis | ||
| 100 | 0 | 0 |
_aGarcía, Philip. _946803 |
| 245 | _aMarket linkages of small farms; a study of the maize market in northern Veracruz, México | ||
| 260 |
_a(Ithaca, N.Y.), _c1978 |
||
| 300 | _a2 v. | ||
| 502 | _aTesis (Dortor of Philosophy) -- Cornell University. Graduate School. Faculty of Agricultural Economics | ||
| 590 |
_aALEPH _b10 _c20130110 _lUCH01 _h1413 |
||
| 590 |
_aBATCH-UPD _b10 _c20130110 _lUCH01 _h0409 |
||
| 590 |
_aBATCH-UPD _b10 _c20130410 _lUCH01 _h0044 |
||
| 590 |
_aBATCH-UPD _b10 _c20130914 _lUCH01 _h1531 |
||
| 590 |
_aCONVERSION _b10 _c20130109 _lUCH01 _h1340 |
||
| 650 | 1 | 4 |
_aMaíz _xAspectos económicos _xVeracruz. _970884 |
| 650 | 1 | 4 |
_aMaíz _xMercadeo. _971007 |
| 901 | _aBK | ||
| 942 | _cFOLL | ||
| 949 |
_bBC _cTES _d-37016 _eTS1 _fv.1 _i82786 _si |
||
| 949 |
_bBC _cTES _d-99677 _eTS2 _fv.2 _i82786 _si |
||
| 999 |
_c72257 _d72257 |
||